Normal view
MARC view
- Federal Bureau of Statistics
Entry Personal Name
001 - CONTROL NUMBER
- control field: 3895
003 - CONTROL NUMBER IDENTIFIER
- control field: NUST
005 - DATE AND TIME OF LATEST TRANSACTION
- control field: 20170810162912.0
008 - FIXED-LENGTH DATA ELEMENTS
- fixed length control field: 170810|| aca||aabn | a|a d
040 ## - CATALOGING SOURCE
- Original cataloging agency: NUST
- Transcribing agency: NUST
100 ## - HEADING--PERSONAL NAME
- Personal name: Federal Bureau of Statistics
670 ## - SOURCE DATA FOUND
- Source citation: Work cat.: (NUST)2628: Federal Bureau of Statistics, 50 Years of Pakistan in Statistics, 1998
